Представление документа в формате RUSMARC

ПолеНазваниеЗначение
  Тип записи a
  Библиографический уровень m
001 Контрольный номер b8693a36c2ca4e5c951b31278e71aba9
005 Дата корректировки 20260603143627.4
010 Индекс ISBN __
b Уточнения В пер.
9 Тираж 7000 экз.
100 Данные общей обработки __
a Данные общей обработки 20260602d2023 mk y0rusy028902 ca
101 Язык документа 0_
a Язык текста rus
102 Страна публикации __
a Страна публикации RU
105 Кодированные данные (монография) __
a Кодированные данные (монография) y z 000yy
181 Поле кодированных данных: вид содержания _0
a Код вида содержания (ISBD) i
182 Поле кодированных данных: тип средства _0
a Код типа средства (ISBD) n
200 Заглавие и сведения об ответственности 1_
a Заглавие Древняя и Средневековая Русь IX-XVII вв.
203 Вид содержания и тип средства __
a Вид содержания Текст
c Тип средства непосредственный
210 Выходные данные 1_
d Дата издания 2023
215 Физическое описание __
a Объем 437, [1] с.
d Формат 24 см
320 Библиография __
a Библиография Библиография: с. 428-437
333 Примечание о целевом назначении __
a Примечание о целевом назначении 16+. Для детей старше 16 лет
461 Уровень набора _0
1 700 1
a Спицын
g Евгений Юрьевич
f 1960-
1 2001
a Полный курс истории России для учителей, преподавателей и студентов
e [в 4 книгах]
f Е. Ю. Спицын
g [Московский государственный педагогический университет]
v Кн. 1
1 2101
a Москва
c Концептуал
d 2023
1 001f44c5a9580f84905a86537f9444025dd
1 203
a Текст
c непосредственный
517 Другие варианты заглавия 1_
a Другие варианты заглавия Древняя и Средневековая Русь 9-17 вв.
600 Персоналии _0
2 Код системы nlr_sh
a Персоналии (Фамилия) Владмир Святой
f Даты 980-1015
c Дополнение к имени князь
600 Персоналии _0
2 Код системы nlr_sh
a Персоналии (Фамилия) Ярослав Мудрый
f Даты ок. 978-1054
c Дополнение к имени князь киевский
600 Персоналии _0
2 Код системы nlr_sh
a Персоналии (Фамилия) Иван Васильевич
f Даты 1440-1505
c Дополнение к имени великий князь владимирский и московский
c Дополнение к имени Великий
d Римские цифры III
600 Персоналии _0
2 Код системы nlr_sh
a Персоналии (Фамилия) Иван Васильевич
f Даты 1530-1584
c Дополнение к имени великий князь Московский и всея Руси
c Дополнение к имени Грозный
d Римские цифры IV
606 Тематические рубрики __
2 Код системы nlr_sh
a Основная рубрика История
606 Тематические рубрики __
2 Код системы nlr_sh
a Основная рубрика История России в целом
606 Тематические рубрики __
2 Код системы nlr_sh
a Основная рубрика Россия в IX - XVII вв.
y Географическая подрубрика Древняя Русь
y Географическая подрубрика Русское Царство
610 Ключевые слова 0_
a Ключевые слова история России
610 Ключевые слова 0_
a Ключевые слова история Руси
610 Ключевые слова 0_
a Ключевые слова средневековая Русь
610 Ключевые слова 0_
a Ключевые слова русские князья
610 Ключевые слова 0_
a Ключевые слова происхождение славян
610 Ключевые слова 0_
a Ключевые слова политическая история
610 Ключевые слова 0_
a Ключевые слова экономическая история
610 Ключевые слова 0_
a Ключевые слова феодальная раздробленность
610 Ключевые слова 0_
a Ключевые слова ордынщина
610 Ключевые слова 0_
a Ключевые слова ордынские набеги
610 Ключевые слова 0_
a Ключевые слова объединение русских земель
610 Ключевые слова 0_
a Ключевые слова Смута
610 Ключевые слова 0_
a Ключевые слова опричнина
610 Ключевые слова 0_
a Ключевые слова внешняя политика
686 Индексы других классификаций __
2 Код системы rubbks
a Классификационный индекс 63.3(2)
686 Индексы других классификаций __
2 Код системы rubbks
a Классификационный индекс 63.3(2)4
801 Источник записи _0
a Страна RU
b Организация Муниципальное бюджетное учреждение культуры "Централизованная библиотечная система" г. Сургут (Центральная городская библиотека им. А. С. Пушкина)
c Дата составления 20260602
g Правила каталогизации PSBO
801 Источник записи _1
a Страна RU
b Организация Муниципальное бюджетное учреждение культуры "Централизованная библиотечная система" г. Сургут (Центральная городская библиотека им. А. С. Пушкина)
c Дата составления 20260602
g Правила каталогизации PSBO
852 Данные о местонахождении __
i Авторский знак С 72
j Шифр хранения 63.3(2)
901 Тип документа __
t Тип документа n
w Контрольный № источника f44c5a9580f84905a86537f9444025dd
a Ответственный КиК/Обаева
901 Тип документа __
a Ответственный без партии
903 Характеристики (МАРС) __
c Наименование библиотеки (МАРС) Муниципальное бюджетное учреждение культуры "Централизованная библиотечная система" г. Сургут (Центральная городская библиотека им. А. С. Пушкина)
a Дата передачи 20260602
969 Тип издания __
a Тип издания Ф 26
a Тип издания научное издание